[Event "IND-ch U15 Girls"]
[Site "Jammu"]
[Date "2015.09.23"]
[Round "4"]
[White "Arpita, Mukherjee"]
[Black "Megha, Mondal"]
[Result "1-0"]
[WhiteElo "1916"]
[BlackElo "1317"]
[PlyCount "47"]
[EventDate "2015.09.21"]
[EventType "swiss"]
[EventRounds "11"]
[EventCountry "IND"]
[SourceTitle "EXT 2016"]
[Source "ChessBase"]
[SourceDate "2015.10.08"]
[SourceVersion "1"]
[SourceVersionDate "2015.10.08"]
[SourceQuality "1"]

1. d4 d5 2. Nf3 Nc6 3. Bf4 Bg4 4. e3 Qd7 5. c4 Nf6 6. Nc3 0-0-0 7. h3 Bf5 8. c5 Ne4 9. Nb5 a6 10. Nxc7 e5 11. Na8 Kb8 12. Nb6 Qe6 13. Nxe5 Ka7 14. Nxc6+ Qxc6 15. b4 Nc3 16. Qb3 Nb5 17. a4 Nxd4 18. exd4 Re8+ 19. Be3 Be7 20. Bb5 Qg6 21. Bxe8 Rxe8 22. 0-0-0 Bg5 23. Rhe1 Bxe3+ 24. Rxe3 1-0

[Event "IND-ch U15 Girls"]
[Site "Jammu"]
[Date "2015.09.21"]
[Round "1"]
[White "Megha, Mondal"]
[Black "Priyanka, Nutakki"]
[Result "1-0"]
[WhiteElo "1317"]
[BlackElo "2024"]
[PlyCount "47"]
[EventDate "2015.09.21"]
[EventType "swiss"]
[EventRounds "11"]
[EventCountry "IND"]
[SourceTitle "EXT 2016"]
[Source "ChessBase"]
[SourceDate "2015.10.08"]
[SourceVersion "1"]
[SourceVersionDate "2015.10.08"]
[SourceQuality "1"]

1. e4 e6 2. d4 d5 3. Nc3 Bb4 4. e5 c5 5. dxc5 Nc6 6. Nf3 Nge7 7. Bd3 d4 8. a3 Ba5 9. b4 Nxb4 10. axb4 Bxb4 11. 0-0 Bxc3 12. Rb1 a6 13. Ng5 Qc7 14. f4 Ng6 15. Qh5 Bd7 16. Ne4 0-0 17. Rf3 Bb5 18. Rh3 Rfc8 19. Qxh7+ Kf8 20. Nd6 Ne7 21. Rg3 Nf5 22. Bxf5 Ke7 23. Rxg7 Be8 24. Rxb7 1-0